| 000 | 00361nam a2200145Ia 4500 | ||
|---|---|---|---|
| 005 | 20250322122409.0 | ||
| 008 | 240331s9999 xx 000 0 und d | ||
| 082 |
_bRAV _a894 |
||
| 100 | _aRavichandran, | ||
| 245 | 0 | _aIndra Gandhiyin irandawathu mugam | |
| 260 |
_aShivagangai _bAnam Pvt Ltd _c1984 |
||
| 300 | _a120 p ., | ||
| 650 | _aShort Stories | ||
| 942 | _cL | ||
| 999 |
_c4130 _d4130 |
||